00593cam a22002291 4500001001300000003000400013005001700017008004100034010001700075035002000092040001800112042001200130050001400142100002800156245002400184260002000208300001800228500001500246651004500261700004000306999001700346ne 65000867 DLC20260227111813.0890331s1964 xx 000 0 arar  ane 65000867  a(OCoLC)23509450 aDLCcMiUdDLC apremarc00aDS38b.Z31 aZakī, Jamāl,d1923-10aBayna muʼtamarayn. a[n. p.]c[1964] a80 p.c20 cm. aRomanized. 0aArab countriesxPolitics and government.1 aʻUways, Muḥammad.ejoint author. c48077d48077